000 00731nam a2200205 a 4500
001 BRCA_1079
005 20190320203253.0
008 910730s1990 mx-a---##b---#010-0#spa-#
020 _a968361566X
040 _aDLC
_cDLC
050 4 _aN6553
_b.O25 1990
245 1 0 _aObras maestras del arte colonial
_bexposición homenaje a Manuel Toussaint (1890-1990) : catálogo.
260 _aMéxico
_bUNAM, Instituto de Investigaciones Estéticas
_c1990
300 _a158 p.
_bil. (algunas a color)
_c23 cm.
504 _aIncluye referencias bibliográficas
650 1 4 _aArte, Mexicano
_xExposiciones
_92101
650 1 4 _aArte, España Colonial
_xExposiciones
_zMéxico
_93555
700 1 _aToussaint, Manuel
_d1890-1955
_93556
942 _2lcc
_cB
999 _c958
_d958